00571cam a22001694a 4500020003600000040000800036082002600044100002100070245002400091250001200115260003600127300003600163650002300199856005800222856006600280856005500346 a0471317918 (cloth : alk. paper) cDLC00a579 JOH 2000 A008 Or.1 aTate, Robert L.,10aSoil microbiology / a2nd ed. aNew York :bJohn Wiley,cc2000. axxiii, 508 p. :bill. ;c25 cm. 0aSoil microbiology.42uhttp://www.loc.gov/catdir/bios/wiley046/99021922.html42uhttp://www.loc.gov/catdir/description/wiley0310/99021922.html4 uhttp://www.loc.gov/catdir/toc/onix05/99021922.html